Missing Word: NBC Shows (1970s) Quiz Stats

 Plays Quiz Updated Feb 22, 2013

Support Sporcle.
Go Orange.
Score 0/18 Timer 02:00
1 Play Today
Television Series Missing Word % Correct
Little _____ on the PrairieHouse
97.2%
Wheel of _____Fortune
96.6%
_____ Night LiveSaturday
96%
_____ StrokesDiff'rent
91.8%
The Rockford _____Files
85.4%
NBC _____ NewsNightly
82.9%
The Life and _____ of Grizzly AdamsTimes
82.8%
_____ and SonSanford
81.3%
Chico and the _____Man
69.6%
Television Series Missing Word % Correct
_____ RollersHigh
68.1%
The _____ of LifeFacts
64.4%
_____ Rogers in the 25th CenturyBuck
64.4%
Card _____Sharks
63.8%
Movin' _____On
56%
Quincy, _____M.E.
53%
Man _____ AtlantisFrom
52%
The _____ WomanBionic
38.8%
_____ Star SecretsAll
14.6%

Today's Daily Dose

You're not logged in!

Compare scores with friends on all Sporcle quizzes.
OR
Log In

From the Vault

'Q' and 'R' TV Shows by Picture

by livicj5

There definitely needs to be more 'Q' shows on TV.
Remove Ads.
Support Sporcle.
Get the best of Sporcle when you Go Orange. This ad-free experience offers more features, more stats, and more fun while also helping to support Sporcle. Thank you for becoming a member.

Show Comments

Extras

Top Quizzes Today


Score Distribution

Your Account Isn't Verified!

In order to create a playlist on Sporcle, you need to verify the email address you used during registration. Go to your Sporcle Settings to finish the process.

Report this User

Report this user for behavior that violates our Community Guidelines.

Details: